000 00509nam a2200217Ia 4500
003 OSt
005 20220918173723.0
006 a|||||r|||| 00| 0
007 ta
008 220917b |||||||| |||| 00| 0 eng d
024 _a8,005
037 _cTextual
040 _aARTS
_cARTS
_beng
041 _2eng
_aeng
082 _a71:N, J7
100 _aBerit Harvey
_947130
245 0 _aWriter observed
260 _c1952
942 _h71:N, J7
_cTEXL
_2CC
999 _c149797
_d149797